[Event "Quebec-ch U16"]
[Site "Montreal"]
[Date "1991.03.02"]
[Round "5"]
[White "Castillo, Anthony"]
[Black "Saxena, Amitabh"]
[Result "1-0"]
[WhiteElo "1673"]
[BlackElo "1462"]
[PlyCount "113"]
[EventDate "1991.02.28"]
[EventType "tourn"]
[EventRounds "7"]
[EventCountry "CAN"]
[SourceTitle "EXT 2022"]
[Source "ChessBase"]
[SourceDate "2021.10.06"]
[SourceVersion "1"]
[SourceVersionDate "2021.10.06"]
[SourceQuality "1"]

1. d4 Nf6 2. c4 c5 3. d5 b5 4. cxb5 a6 5. Nc3 d6 6. e4 g6 7. Nf3 Bg7 8. bxa6 Bxa6 9. Be2 0-0 10. 0-0 Nbd7 11. Re1 Qb6 12. e5 Ng4 13. e6 fxe6 14. dxe6 Nde5 15. Nd5 Qd8 16. Bg5 Nc6 17. Qc2 Bxe2 18. Rxe2 Ra7 19. Qe4 Nge5 20. Nxe5 Bxe5 21. Bh6 Bg7 22. Bxg7 Kxg7 23. g4 Nd4 24. Re3 Qb8 25. b4 Qa8 26. a3 Nc2 27. Qxc2 Qxd5 28. Rd1 Qc6 29. bxc5 Qxc5 30. Qxc5 dxc5 31. Rd7 Raa8 32. Rxe7+ Kg8 33. Rd3 Rfe8 34. Rxe8+ Rxe8 35. Rd6 c4 36. Kf1 c3 37. Ke2 c2 38. Kd2 Rc8 39. Kc1 Kf8 40. Rd7 Rc6 41. a4 Rxe6 42. Kxc2 Ra6 43. Kb3 h5 44. gxh5 gxh5 45. Kb4 Ke8 46. Rc7 Kd8 47. Rc5 h4 48. f4 Ke7 49. Kb5 Ra8 50. a5 Kd6 51. Rc6+ Kd7 52. a6 Rb8+ 53. Rb6 Ra8 54. Rb7+ Kd8 55. Kb6 h3 56. a7 Kc8 57. f5 1-0

[Event "Quebec-ch U16"]
[Site "Montreal"]
[Date "1991.03.01"]
[Round "3"]
[White "Desjardins, Serge"]
[Black "Saxena, Amitabh"]
[Result "0-1"]
[WhiteElo "1451"]
[BlackElo "1462"]
[PlyCount "66"]
[EventDate "1991.02.28"]
[EventType "tourn"]
[EventRounds "7"]
[EventCountry "CAN"]
[SourceTitle "EXT 2022"]
[Source "ChessBase"]
[SourceDate "2021.10.06"]
[SourceVersion "1"]
[SourceVersionDate "2021.10.06"]
[SourceQuality "1"]

1. d4 Nf6 2. e3 g6 3. Nf3 Bg7 4. Bd3 d5 5. Ne5 0-0 6. 0-0 Nbd7 7. f4 Nb6 8. b3 Nfd7 9. Bb2 Re8 10. a4 Nxe5 11. fxe5 f6 12. exf6 exf6 13. Qf3 c6 14. Nd2 a5 15. h4 Re6 16. Rfe1 Bh6 17. h5 Kg7 18. c4 Qe8 19. Nf1 gxh5 20. Ba3 Kh8 21. Bf5 Qf7 22. Bxe6 Bxe6 23. c5 Nd7 24. b4 axb4 25. Bxb4 Rg8 26. Nh2 h4 27. Kf2 f5 28. Rg1 Nf6 29. Qh3 Ne4+ 30. Ke2 Rg3 31. Qxh4 Bg5 32. Qxg3 Nxg3+ 33. Kd3 f4 0-1